<?xml version="1.0" encoding="UTF-8"?>
<collection xmlns="http://www.loc.gov/MARC21/slim">
 <record>
  <leader>     na                 </leader>
  <controlfield tag="001">INLIS000000000008074</controlfield>
  <controlfield tag="005">20221109084550</controlfield>
  <datafield tag="035" ind1=" " ind2=" ">
   <subfield code="a">0010-0520008074</subfield>
  </datafield>
  <controlfield tag="008">221109                |          | ind  </controlfield>
  <datafield tag="020" ind1=" " ind2=" ">
   <subfield code="a">9789795383574</subfield>
  </datafield>
  <datafield tag="041" ind1=" " ind2=" ">
   <subfield code="a">ind</subfield>
  </datafield>
  <datafield tag="082" ind1=" " ind2=" ">
   <subfield code="a">347.09</subfield>
  </datafield>
  <datafield tag="084" ind1=" " ind2=" ">
   <subfield code="a">347.09 CAN a</subfield>
  </datafield>
  <datafield tag="100" ind1="0" ind2=" ">
   <subfield code="a">Candra Irawan</subfield>
  </datafield>
  <datafield tag="245" ind1="1" ind2=" ">
   <subfield code="a">Aspek Hukum dan Mekanisme Penyelesaian Sengketa di Luar Pengadilan (Alternative Dispute Resolution) di Indonesia /</subfield>
   <subfield code="c">Candra Irawan</subfield>
  </datafield>
  <datafield tag="260" ind1=" " ind2=" ">
   <subfield code="a">Bandung :</subfield>
   <subfield code="b">Mandar Maju,</subfield>
   <subfield code="c">2010</subfield>
  </datafield>
  <datafield tag="300" ind1=" " ind2=" ">
   <subfield code="a">ix, 215 p. ; 21 cm ;</subfield>
   <subfield code="c">21 cm</subfield>
  </datafield>
  <datafield tag="504" ind1=" " ind2=" ">
   <subfield code="a">p.115-118</subfield>
  </datafield>
  <datafield tag="520" ind1=" " ind2=" ">
   <subfield code="a">Perkembangan terakhir menunjukan bahwa pengadilan ternyata bukan satu-satunya lembaga penyelesaian sengketa yang tepat, terutama bagi kalangan pelaku bisnis. Pengadilan ternyata mengandung banyak kelemahan dan menimbulkan kekecewaan bagi masyarakat. Ketidak puasan masyarakat terhadap pengadilan sebagai lembaga penyelesaian sengketa memunculkan alternatif penyelesaian sengketa (APS) di luar pengadilan (Alternatif Dispute Resolution-ADR). Masyarakat berharap dengan menyelesaikan sengketa di luar pengadilan akan mendapatkan keadilan dan kepastian hukum dalam arti yang sebenarnya secara efektif dan efisien. Model penyelesaian sengketa di luar pengadilan antara lain berbentuk konsultasi, negosiasi, mediasi, pendapat ahli dan arbitrase, yang keberadaannya semakin mantap dengan diundangkannya Undang-Undang Nomor 30 Tahun 1999 tentang Arbitrase dan Alternatif Penyelesaian Sengketa.</subfield>
  </datafield>
  <datafield tag="650" ind1=" " ind2="4">
   <subfield code="a">Dispute Resolution (Law) - Indonesia</subfield>
  </datafield>
  <datafield tag="650" ind1=" " ind2="4">
   <subfield code="a">Compromice (law) - Indonesia</subfield>
  </datafield>
  <datafield tag="990" ind1=" " ind2=" ">
   <subfield code="a">18725/MKRI-P/XI-2010</subfield>
  </datafield>
  <datafield tag="990" ind1=" " ind2=" ">
   <subfield code="a">18726/MKRI-P/XI-2010</subfield>
  </datafield>
  <datafield tag="990" ind1=" " ind2=" ">
   <subfield code="a">18724/MKRI-P/XI-2010</subfield>
  </datafield>
  <datafield tag="990" ind1=" " ind2=" ">
   <subfield code="a">18723/MKRI-P/XI-2010</subfield>
  </datafield>
  <datafield tag="990" ind1=" " ind2=" ">
   <subfield code="a">18726/MKRI-P/XI-2010</subfield>
  </datafield>
  <datafield tag="990" ind1=" " ind2=" ">
   <subfield code="a">18725/MKRI-P/XI-2010</subfield>
  </datafield>
  <datafield tag="990" ind1=" " ind2=" ">
   <subfield code="a">18724/MKRI-P/XI-2010</subfield>
  </datafield>
  <datafield tag="990" ind1=" " ind2=" ">
   <subfield code="a">18723/MKRI-P/XI-2010</subfield>
  </datafield>
  <datafield tag="990" ind1=" " ind2=" ">
   <subfield code="a">18725/MKRI-P/XI-2010</subfield>
  </datafield>
  <datafield tag="990" ind1=" " ind2=" ">
   <subfield code="a">18726/MKRI-P/XI-2010</subfield>
  </datafield>
  <datafield tag="990" ind1=" " ind2=" ">
   <subfield code="a">18724/MKRI-P/XI-2010</subfield>
  </datafield>
  <datafield tag="990" ind1=" " ind2=" ">
   <subfield code="a">18723/MKRI-P/XI-2010</subfield>
  </datafield>
  <datafield tag="990" ind1=" " ind2=" ">
   <subfield code="a">18724/MKRI-P/XI-2010</subfield>
  </datafield>
  <datafield tag="990" ind1=" " ind2=" ">
   <subfield code="a">18725/MKRI-P/XI-2010</subfield>
  </datafield>
  <datafield tag="990" ind1=" " ind2=" ">
   <subfield code="a">18726/MKRI-P/XI-2010</subfield>
  </datafield>
  <datafield tag="990" ind1=" " ind2=" ">
   <subfield code="a">18723/MKRI-P/XI-2010</subfield>
  </datafield>
 </record>
</collection>
